000
00336nam a22001457a 4500
008
230317b ||||| |||| 00| 0 eng d
020
_a
007135252
041
_a
eng
080
_2
SECOND EDITION
_a
612
082
_a
612DEW
100
_a
19
101
_a
ENERG
245
_a
LAND DEVELOPMENT HANDBOOK
_c
DEWBERRY. O. S
942
_2
udc
_c
BK
999
_c
59388
_d
59388